000 01516nam a22002777a 4500
005 20110214110156.0
008 090211t xxu||||| |||| 00| 0 hin d
010 _aHIN-92046
020 _c225.00
_a9789380417035
035 _aHN-64392
037 _bDBAD / PUB
040 _aDPL
_bHN
082 _a
100 _925892
_aराचकोंडा विश्वनाथ शास्त्री
245 _aदारू और दर्द की कहानियाँ :
_cराचकोंडा विशवनाथ शास्त्री; के.सीतालक्ष्मी द्रारा अनुदित
_bतेलगु से हिन्दी में अनुदित कहानी संग्रह /
246 _aDaru aur dard ki kahaniyan
_bTrn.by K.Sitalaxmi
260 _aकानपुर
_bअमन प्रकाशन
_c2010
270 _a104A /118 रामबाग,
_bकानपुर
_e208012
_kR-0512-2574766 M-09839218516
300 _a144पृ.
_c22सेमी (सजिल्द)
600 _926585
_aहिन्दी कविता
650 _91169
_aHindi Poetry
650 _925893
_aहिन्दी कविता
700 _925894
_aके.सीतालक्ष्मी
942 _2ddc
_cHN
_h
_mराचकों
999 _c51068
_d51068